Women's studies in the United States /

Bibliographic Details
Main Author: Stimpson, Catharine R., 1936-
Corporate Author: Ford Foundation
Other Authors: Cobb, Nina Kressner
Format: Book
Language:English
Published: New York, N.Y. : Ford Foundation, [1986]
Subjects:

MARC

Tag First Indicator Second Indicator Subfields
LEADER 00000cam a2200000 a 4500
001 in00000011485
005 20151007052056.0
008 860411s1986 nyu b 00010 eng
010 |a  86009867  
020 |a 0916584267 (pbk.) :  |c $3.50 
035 |a (OCoLC)13498126 
035 |9 AAA6171AM 
040 |a DLC  |c DLC  |d m/c  |d TXA  |d UtOrBLW 
043 |a n-us--- 
049 |a TXAM  |c [A11055756] 
050 0 0 |a HQ1181.U5  |b S75 1986 
082 0 |a 305.4/2/0973  |2 19 
100 1 |a Stimpson, Catharine R.,  |d 1936- 
245 1 0 |a Women's studies in the United States /  |c by Catharine R. Stimpson, with Nina Kressner Cobb. 
264 1 |a New York, N.Y. :  |b Ford Foundation,  |c [1986] 
264 4 |c ©1986 
300 |a x, 77 pages ;  |c 23 cm. 
336 |a text  |b txt  |2 rdacontent 
337 |a unmediated  |b n  |2 rdamedia 
338 |a volume  |b nc  |2 rdacarrier 
504 |a Bibliography: pages 59-77. 
650 0 |a Women's studies  |z United States. 
700 1 |a Cobb, Nina Kressner. 
710 2 |a Ford Foundation. 
999 |a MARS 
999 f f |s 421f2814-e1a3-3429-a807-b516daa5fa31  |i a5cf83e3-3de6-309b-9bfc-d3246919328e  |t 0 
952 f f |p ric  |a Texas A&M University  |b Rellis Campus  |c Joint Library Facility  |d Remote Storage  |t 0  |e HQ1181.U5 S75 1986  |h Library of Congress classification  |i unmediated -- volume  |m A14811055756 
998 f f |a HQ1181.U5 S75 1986  |t 0  |l Remote Storage